国鉄の急行列車(1983年) - Statistics

General Stats
  • This quiz has been taken 64 times
  • The average score is 27 of 108
Answer Stats
Answer % Correct
能登
59%
宗谷
59%
銀河
54%
天北
51%
東海
49%
まりも
49%
大雪
49%
きたぐに
46%
アルプス
43%
利尻
43%
ちくま
41%
土佐
41%
だいせん
41%
ニセコ
41%
さんべ
38%
かすが
38%
ちどり
38%
むろと
38%
津軽
38%
かむい
38%
たかやま
35%
砂丘
35%
たいしゃく
35%
いよ
35%
八甲田
35%
陸中
35%
ときわ
35%
富士川
32%
よしの川
32%
赤倉
32%
能登路
32%
十和田
32%
のりくら
30%
うわじま
30%
阿波
30%
丹後
30%
くまがわ
30%
きそ
30%
信州
30%
狩勝
30%
礼文
30%
みまさか
27%
あしずり
27%
日南
27%
よねしろ
27%
せたな
27%
なよろ
27%
みささ
24%
あさぎり
24%
こまがね
24%
かいもん
24%
佐渡
24%
妙高
24%
なすの
24%
べにばな
24%
むつ
24%
ノサップ
24%
丹波
22%
えびの
22%
由布
22%
まつしま
22%
ばんだい
22%
もがみ
22%
えりも
22%
るもい
22%
比叡
19%
わかさ
19%
平戸
19%
火の山
19%
くずりゅう
19%
かいじ
19%
らいでん
19%
はぼろ
19%
平安
16%
きのくに
16%
白兎
16%
草津
16%
ゆけむり
16%
ざおう
16%
つくばね
16%
あがの
16%
紋別
16%
しれとこ
16%
ごてんば
14%
あきよし
14%
紀州
14%
天の川
14%
ちとせ
14%
但馬
11%
よねやま
11%
天竜
11%
かわぐち
11%
わたらせ
11%
あづま
11%
奥久慈
11%
月山
11%
志摩
8%
紀ノ川
8%
ながと
8%
はるな
8%
はまゆう
5%
はしだて
5%
とがくし
5%
野沢
5%
はやちね
3%
石見
0%
No matching quizzes found
Score Distribution
Percent of People with Each Score
Percentile by Number Answered
Your Score History
You have not taken this quiz